[Event "Brasschaat op 12th"]
[Site "Brasschaat"]
[Date "2012.08.24"]
[Round "7"]
[White "Cankja, Redi"]
[Black "Rjabzev, Konstantin"]
[Result "0-1"]
[WhiteElo "1961"]
[BlackElo "2279"]
[PlyCount "146"]
[EventDate "2012.08.18"]
[EventType "swiss"]
[EventRounds "9"]
[EventCountry "BEL"]
[SourceTitle "CBM 150 Extra"]
[Source "ChessBase"]
[SourceDate "2012.10.19"]
[SourceVersion "1"]
[SourceVersionDate "2012.10.19"]
[SourceQuality "1"]

1. d4 d6 2. Nf3 g6 3. Bg5 h6 4. Bh4 Bg7 5. c3 Nd7 6. Nbd2 Ngf6 7. e3 0-0 8. Bd3 c6 9. Qb3 a5 10. a4 d5 11. c4 dxc4 12. Nxc4 Nd5 13. Rd1 N7b6 14. Nxb6 Qxb6 15. Qxb6 Nxb6 16. b3 g5 17. Bg3 Be6 18. Rb1 Nd5 19. 0-0 f5 20. Be5 f4 21. Bc4 b5 22. Bxd5 Bxd5 23. Bxg7 Kxg7 24. Ne5 fxe3 25. fxe3 Rxf1+ 26. Kxf1 Kf6 27. g4 Ke6 28. Ke2 Rb8 29. axb5 Rxb5 30. Nd3 a4 31. Nc5+ Kd6 32. Nxa4 Bxb3 33. Nc3 Bc4+ 34. Kd2 Ra5 35. h3 Kc7 36. Rb4 Bf1 37. Rb1 Bxh3 38. Rh1 Bxg4 39. Rxh6 Bf3 40. e4 g4 41. Rg6 Ra1 42. d5 cxd5 43. Nxd5+ Kd8 44. Rg8+ Kd7 45. Rg7 Kd6 46. Nxe7 Ra2+ 47. Kd3 Ra3+ 48. Kd2 Ke5 49. Nd5 Kxe4 50. Nf6+ Kf5 51. Nxg4 Bxg4 52. Re7 Kf4 53. Rf7+ Bf5 54. Re7 Ra2+ 55. Kc3 Be4 56. Kb4 Rc2 57. Kb3 Rc8 58. Kb4 Ke3 59. Kb5 Kd4 60. Kb6 Bd5 61. Re1 Rb8+ 62. Kc7 Rb7+ 63. Kc8 Rg7 64. Kd8 Ra7 65. Re7 Ra8+ 66. Kc7 Kc5 67. Re1 Ra7+ 68. Kb8 Rb7+ 69. Kc8 Kd6 70. Rg1 Rb4 71. Rd1 Ra4 72. Rb1 Rg4 73. Kb8 Rg8+ 0-1

[Event "Brasschaat op 05th"]
[Site "Brasschaat"]
[Date "2005.08.20"]
[Round "1"]
[White "Cankja, Redi"]
[Black "Vermeir, Roger"]
[Result "1-0"]
[WhiteElo "1987"]
[BlackElo "1604"]
[PlyCount "67"]
[EventDate "2005.08.20"]
[EventType "swiss"]
[EventRounds "9"]
[EventCountry "BEL"]
[SourceTitle "CBM 108 Extra"]
[Source "ChessBase"]
[SourceDate "2005.11.04"]
[SourceVersion "1"]
[SourceVersionDate "2005.11.04"]
[SourceQuality "1"]

1. d4 d5 2. Nf3 e6 3. Bf4 Bd6 4. Bxd6 Qxd6 5. c3 Nf6 6. Nbd2 c6 7. e3 0-0 8. Bd3 Nbd7 9. h3 Re8 10. Qc2 h6 11. g4 e5 12. dxe5 Nxe5 13. Nxe5 Qxe5 14. 0-0-0 Qe7 15. Rdg1 Ne4 16. Bxe4 dxe4 17. h4 b5 18. g5 h5 19. g6 Bg4 20. gxf7+ Kxf7 21. Rg3 Rad8 22. Qb3+ Kf8 23. Re1 Qxh4 24. Qc2 Rd3 25. Nxe4 Rd1+ 26. Rxd1 Bxd1 27. Qxd1 Rxe4 28. Qd6+ Kg8 29. Qxc6 b4 30. Qc8+ Kf7 31. Qb7+ Qe7 32. Qd5+ Kf8 33. Rf3+ Ke8 34. Qg8+ 1-0

[Event "Brasschaat op 04th"]
[Site "Brasschaat"]
[Date "2004.08.21"]
[Round "1"]
[White "Van Damme, Ronny"]
[Black "Cankja, Redi"]
[Result "0-1"]
[WhiteElo "1679"]
[BlackElo "2050"]
[PlyCount "105"]
[EventDate "2004.08.21"]
[EventType "swiss"]
[EventRounds "9"]
[EventCountry "BEL"]
[SourceTitle "EXT 2017"]
[Source "ChessBase"]
[SourceDate "2016.10.25"]
[SourceVersion "1"]
[SourceVersionDate "2016.10.25"]
[SourceQuality "1"]

1. d4 d5 2. Nf3 Nf6 3. Bf4 Bf5 4. e3 Nh5 5. Bg3 Nxg3 6. hxg3 e6 7. Nh4 Be4 8. f3 Bg6 9. Nxg6 fxg6 10. c4 Qg5 11. Kf2 Bd6 12. f4 0-0 13. c5 Be7 14. Nd2 Nd7 15. Be2 c6 16. Bg4 Qf6 17. Qc2 Rfc8 18. Nf3 h6 19. Nh4 g5 20. Ng6 gxf4 21. gxf4 Bf8 22. Rh5 b6 23. b4 bxc5 24. dxc5 Kf7 25. Nh8+ Ke8 26. Qg6+ Qxg6 27. Nxg6 Kf7 28. Ne5+ Nxe5 29. Rxe5 Re8 30. Rh5 g6 31. Rhh1 a5 32. a3 Bg7 33. Rab1 axb4 34. axb4 Reb8 35. Rb3 Ra7 36. Be2 Bf8 37. Rhb1 Rab7 38. Ba6 Ra7 39. Be2 Kf6 40. g4 e5 41. e4 exf4 42. exd5 cxd5 43. Kf3 g5 44. c6 Rc7 45. b5 Bc5 46. Bd3 Bb6 47. Rd1 Re7 48. Bf1 Re5 49. Rd2 Rbe8 50. Re2 Re3+ 51. Rexe3 fxe3 52. Bd3 Ke5 53. Rc3 0-1

[Event "Brasschaat op 02nd"]
[Site "Brasschaat"]
[Date "2002.08.??"]
[Round "4"]
[White "Cankja, Redi"]
[Black "Verelst, Walter"]
[Result "1-0"]
[WhiteElo "1851"]
[BlackElo "1617"]
[PlyCount "69"]
[EventDate "2002.08.??"]
[EventType "swiss"]
[EventRounds "7"]
[EventCountry "BEL"]
[SourceTitle "EXT 2005"]
[Source "ChessBase"]
[SourceDate "2004.11.15"]
[SourceVersion "1"]
[SourceVersionDate "2004.11.15"]
[SourceQuality "1"]

1. d4 Nf6 2. c4 g6 3. Nc3 d5 4. Bf4 c6 5. e3 Bg7 6. h3 0-0 7. Nf3 Na6 8. a3 Nc7 9. Bd3 Ne6 10. Be5 Bh6 11. Qc2 Nd7 12. Bh2 Ng5 13. cxd5 cxd5 14. Nxg5 Bxg5 15. Nxd5 Qa5+ 16. Nc3 e5 17. b4 Qc7 18. 0-0 Bf6 19. Qb3 Nb6 20. Rac1 Qd8 21. d5 Re8 22. e4 Bd7 23. Nb5 Nc8 24. Nc7 Nb6 25. Nxa8 Nxa8 26. f4 Qb6+ 27. Kh1 Bh4 28. fxe5 Bxh3 29. gxh3 Qe3 30. d6 Re6 31. Rc8+ Kg7 32. Rxa8 Qxh3 33. Bc4 Qg4 34. Bxe6 Qxe4+ 35. Qf3 1-0

[Event "Brasschaat op 01st"]
[Site "Brasschaat"]
[Date "2001.08.22"]
[Round "4"]
[White "Cankja, Redi"]
[Black "Kocur, Marc"]
[Result "1/2-1/2"]
[WhiteElo "1735"]
[BlackElo "1901"]
[PlyCount "42"]
[EventDate "2001.08.19"]
[EventType "swiss"]
[EventRounds "7"]
[EventCountry "BEL"]
[SourceTitle "EXT 2017"]
[Source "ChessBase"]
[SourceDate "2016.10.25"]
[SourceVersion "1"]
[SourceVersionDate "2016.10.25"]
[SourceQuality "1"]

1. d4 f5 2. c4 g6 3. Nc3 Nf6 4. f3 Bg7 5. e4 fxe4 6. fxe4 d6 7. Nf3 Bg4 8. Be2 Nc6 9. Be3 Qd7 10. h3 Bxf3 11. Bxf3 e5 12. d5 Nd4 13. Bxd4 exd4 14. Qxd4 0-0 15. Qd3 Qe7 16. 0-0-0 Nh5 17. Bxh5 Qg5+ 18. Kb1 gxh5 19. g4 Qe5 20. Rdf1 a6 21. Rxf8+ Rxf8 1/2-1/2

[Event "Brasschaat op 01st"]
[Site "Brasschaat"]
[Date "2001.08.20"]
[Round "2"]
[White "Cankja, Redi"]
[Black "Mertens, Paul"]
[Result "1/2-1/2"]
[WhiteElo "1735"]
[BlackElo "2054"]
[PlyCount "114"]
[EventDate "2001.08.19"]
[EventType "swiss"]
[EventRounds "7"]
[EventCountry "BEL"]
[SourceTitle "EXT 2017"]
[Source "ChessBase"]
[SourceDate "2016.10.25"]
[SourceVersion "1"]
[SourceVersionDate "2016.10.25"]
[SourceQuality "1"]

1. d4 Nf6 2. a3 g6 3. c4 Bg7 4. Nc3 d6 5. e4 0-0 6. f3 e5 7. d5 a5 8. Be3 Bd7 9. Bd3 Na6 10. Nge2 Ne8 11. g4 f5 12. gxf5 gxf5 13. Qd2 Nc5 14. Bxc5 dxc5 15. 0-0-0 Qh4 16. Rdg1 Kh8 17. Kb1 Bh6 18. Qe1 Qxe1+ 19. Rxe1 Bd2 20. Ref1 f4 21. h3 Nd6 22. Kc2 Bxc3 23. Nxc3 Rg8 24. Rf2 Rg3 25. Bf1 Rag8 26. b3 Be8 27. Ne2 R3g7 28. a4 Bg6 29. Nc3 Bh5 30. Ne2 Rg3 31. Nxg3 fxg3 32. Rd2 Bxf3 33. Bg2 Bxe4+ 34. Bxe4 Nxe4 35. Re2 Nf2 36. Rhe1 Nxh3 37. Re3 g2 38. Rxh3 g1Q 39. Rxg1 Rxg1 40. Rh5 Kg7 41. Rxe5 Rf1 42. Kd3 Rf3+ 43. Ke4 Rf7 44. Rg5+ Kf6 45. Rg3 Re7+ 46. Kf4 h5 47. Rd3 Rd7 48. Re3 Rh7 49. Re6+ Kf7 50. Kg3 h4+ 51. Kh3 c6 52. Rd6 Ke8 53. Re6+ Kd7 54. Re5 Re7 55. dxc6+ bxc6 56. Rxc5 Re3+ 57. Kxh4 Rxb3 1/2-1/2